| 000 | 00835cam a2200289 a 4500 | ||
|---|---|---|---|
| 999 |
_c1221 _d1221 |
||
| 001 | 4954229 | ||
| 003 | OCoLC | ||
| 005 | 20180908144003.0 | ||
| 008 | 790621s1979 njua 000 0 eng | ||
| 010 | _a79001519 //r82 | ||
| 020 | _a0800783670 : | ||
| 040 |
_aDLC _cDLC _dBSC |
||
| 043 | _as-gy--- | ||
| 082 |
_a289.9 _bW5821D |
||
| 092 |
_a289.9 _bW586d |
||
| 100 | 1 |
_aWhite, Mel, _d1940- |
|
| 245 | 1 | 0 |
_aDeceived / _cMel White, with Paul Scotchmer and Marguerite Shuster. |
| 260 |
_aOld Tappan, N.J. : _bFleming H. Revell, _cc1979. |
||
| 300 |
_a231 p. : _bill. ; _c18 cm. |
||
| 500 | _aA Spire book. | ||
| 600 | 1 | 0 |
_aJones, Jim, _d1931-1978. |
| 650 | 0 | _aJonestown Mass Suicide, Jonestown, Guyana, 1978. | |
| 650 | 0 |
_aMass suicide _zGuyana. |
|
| 700 | 1 | _aScotchmer, Paul. | |
| 700 | 1 | _aShuster, Marguerite. | |
| 942 |
_2ddc _cBK |
||